| 000 -LEADER |
| fixed length control field |
02703cam a2200349Ii 4500 |
| 001 - CONTROL NUMBER |
| control field |
996980220 |
| 003 - CONTROL NUMBER IDENTIFIER |
| control field |
OSt |
| 005 - DATE AND TIME OF LATEST TRANSACTION |
| control field |
20190904154850.0 |
| 007 - PHYSICAL DESCRIPTION FIXED FIELD--GENERAL INFORMATION |
| fixed length control field |
cr cnu|||unuuu |
| 008 - FIXED-LENGTH DATA ELEMENTS--GENERAL INFORMATION |
| fixed length control field |
170801s2017 meu jo 000 d eng d |
| 020 ## - INTERNATIONAL STANDARD BOOK NUMBER |
| International Standard Book Number |
9780751565362 |
| 040 ## - CATALOGING SOURCE |
| Transcribing agency |
KH8 |
| 049 ## - LOCAL HOLDINGS (OCLC) |
| Holding library |
BNYC |
| 082 ## - DEWEY DECIMAL CLASSIFICATION NUMBER |
| Classification number |
822 THO |
| 100 1# - MAIN ENTRY--PERSONAL NAME |
| Personal name |
Thorne, Jack, |
| Relator term |
author. |
| 245 10 - TITLE STATEMENT |
| Title |
Harry Potter and the cursed child. |
| Number of part/section of a work |
Parts one and two : |
| Remainder of title |
playscript / |
| Statement of responsibility, etc. |
based on an original story by J.K. Rowling, John Tiffany and Jack Thorne ; a play by Jack Thorne. |
| 264 #1 - PRODUCTION, PUBLICATION, DISTRIBUTION, MANUFACTURE, AND COPYRIGHT NOTICE |
| Place of production, publication, distribution, manufacture |
London : |
| Name of producer, publisher, distributor, manufacturer |
Sphere. |
| Date of production, publication, distribution, manufacture, or copyright notice |
2017. |
| 300 ## - PHYSICAL DESCRIPTION |
| Extent |
329p. ; |
| Dimensions |
20cm. |
| 336 ## - CONTENT TYPE |
| Content type term |
text |
| Content type code |
txt |
| Source |
rdacontent. |
| 337 ## - MEDIA TYPE |
| Media type term |
computer |
| Media type code |
c |
| Source |
rdamedia. |
| 338 ## - CARRIER TYPE |
| Carrier type term |
online resource |
| Carrier type code |
cr |
| Source |
rdacarrier. |
| 347 ## - DIGITAL FILE CHARACTERISTICS |
| File type |
text file |
| Source |
rda. |
| 520 ## - SUMMARY, ETC. |
| Summary, etc. |
The official playscript of the original West End production of Harry Potter and the Cursed Child. It was always difficult being Harry Potter and it isn't much easier now that he is an overworked employee of the Ministry of Magic, a husband, and father of three school-age children. While Harry grapples with a past that refuses to stay where it belongs, his youngest son Albus must struggle with the weight of a family legacy he never wanted. As past and present fuse ominously, both father and son learn the uncomfortable truth: sometimes, darkness comes from unexpected places. The playscript for Harry Potter and the Cursed Child was originally released as a 'special rehearsal edition' alongside the opening of Jack Thorne's play in London's West End in summer 2016. Based on an original story by J.K. Rowling, John Tiffany and Jack Thorne, the play opened to rapturous reviews from theatregoers and critics alike, while the official playscript became an immediate global bestseller. This definitive and final playscript updates the 'special rehearsal edition' with the conclusive and final dialogue from the play, which has subtly changed since its rehearsals, as well as a conversation piece between director John Tiffany and writer Jack Thorne, who share stories and insights about reading playscripts. This edition also includes useful background information including the Potter family tree and a timeline of events from the Wizarding World prior to the beginning of Harry Potter and the Cursed Child. |
| 588 0# - SOURCE OF DESCRIPTION NOTE |
| Source of description note |
Online resource; title from READ title page (OverDrive, viewed August 8, 2017). |
| 600 10 - SUBJECT ADDED ENTRY--PERSONAL NAME |
| Personal name |
Potter, Harry |
| Titles and other words associated with a name |
(Fictitious character) |
| Form subdivision |
Juvenile drama. |
| 600 17 - SUBJECT ADDED ENTRY--PERSONAL NAME |
| Personal name |
Potter, Harry |
| Titles and other words associated with a name |
(Fictitious character) |
| Source of heading or term |
fast |
| 650 #0 - SUBJECT ADDED ENTRY--TOPICAL TERM |
| Topical term or geographic name entry element |
Good and evil |
| Form subdivision |
Juvenile drama. |
| 650 #0 - SUBJECT ADDED ENTRY--TOPICAL TERM |
| Topical term or geographic name entry element |
Magic |
| Form subdivision |
Juvenile drama. |
| 700 1# - ADDED ENTRY--PERSONAL NAME |
| Personal name |
Rowling, J. K., |
| Relator term |
author. |
| 700 1# - ADDED ENTRY--PERSONAL NAME |
| Personal name |
Tiffany, John, |
| Dates associated with a name |
1971- |
| Relator term |
author. |
| 942 ## - ADDED ENTRY ELEMENTS (KOHA) |
| Source of classification or shelving scheme |
|
| Koha item type |
Books - Non Ficton |